00615nam a22002057a 450000500170000001000130001702000210003003500130005103700160006404000120008008200130009210000220010524500640012726000530019127000400024430000270028450000200031165000390033165000390037020170124110232.0 aA-710351 c40.00a19561321X aA-710351 bCen Lib/Ret aDPLbEN a921bNEH aNehru, Jawaharlal aJawaharlal Nehru :cby Jawaharlal Nehruban autobiography / aNew DelhibJawaharlal Nehru Memorial Fundc1987 bNew DelhiaTeen Murti Housee110001 axvi, 623p. c21cm(pbk) aIncludes index  aNehru, Jawaharlal, -- 1889-1964y  aNehru, Jawaharlal -- Autobiography